| 000 | 00541nam a2200205Ia 4500 | ||
|---|---|---|---|
| 008 | 210417s9999 xx 000 0 und d | ||
| 020 | _a9781632380241 | ||
| 020 | _b1632380242 | ||
| 082 | _a531.6 THO | ||
| 082 | _b22.531.6 THO | ||
| 245 | 0 | _aAdvanced topics in energy | |
| 245 | 0 | _cAdvanced topics in energy | |
| 250 | _a1st ed. | ||
| 250 | _b"vii, 205p. : col. ill. ; 25cm., hbk." | ||
| 260 | _aNew York | ||
| 260 | _bNY Research Press | ||
| 260 | _c2015 | ||
| 700 | _a"Thomson, George" | ||
| 700 | _bedited by George Thomson | ||
| 999 |
_c484180 _d484180 |
||